000
00251nam a22001097a 4500
003
OSt
008
250104b |||||||| |||| 00| 0 eng d
041
_a
eng
100
_a
Iyyengar / Shahane Alexander
_9
6737
245
_a
Text Book of Bridges
942
_c
BK
999
_c
18907
_d
18907